<?xml version="1.0" encoding="UTF-8"?>
<record
    xmlns:xsi="http://www.w3.org/2001/XMLSchema-instance"
    xsi:schemaLocation="http://www.loc.gov/MARC21/slim http://www.loc.gov/standards/marcxml/schema/MARC21slim.xsd"
    xmlns="http://www.loc.gov/MARC21/slim">

  <leader>00881nam a22002297a 4500</leader>
  <controlfield tag="008">240702b        mp ||||| |||| 00| 0 mon d</controlfield>
  <datafield tag="035" ind1=" " ind2=" ">
    <subfield code="a">19220</subfield>
  </datafield>
  <datafield tag="040" ind1=" " ind2=" ">
    <subfield code="a">SU1322070</subfield>
    <subfield code="b">mon</subfield>
    <subfield code="c">MN-UlNLM</subfield>
    <subfield code="d">MN-UlNLM</subfield>
    <subfield code="e">rda</subfield>
  </datafield>
  <datafield tag="041" ind1=" " ind2=" ">
    <subfield code="a">mon</subfield>
  </datafield>
  <datafield tag="042" ind1=" " ind2=" ">
    <subfield code="a">47274</subfield>
  </datafield>
  <datafield tag="084" ind1=" " ind2=" ">
    <subfield code="2">NNA</subfield>
    <subfield code="a">84(4&#x418;&#x441;&#x43F;)</subfield>
    <subfield code="b">&#x41C;-263</subfield>
  </datafield>
  <datafield tag="100" ind1=" " ind2=" ">
    <subfield code="a">&#x41C;&#x430;&#x440;&#x43A;&#x435;&#x441; &#x413;.</subfield>
  </datafield>
  <datafield tag="245" ind1=" " ind2="0">
    <subfield code="a">&#x422;&#x430;&#x445;&#x43B;&#x44B;&#x43D; &#x4AF;&#x435;&#x438;&#x439;&#x43D; &#x434;&#x443;&#x440;&#x43B;&#x430;&#x43B;</subfield>
  </datafield>
  <datafield tag="264" ind1=" " ind2=" ">
    <subfield code="a">&#x423;&#x43B;&#x430;&#x430;&#x43D;&#x431;&#x430;&#x430;&#x442;&#x430;&#x440;</subfield>
    <subfield code="b">&#x41C;&#x43E;&#x43D;&#x441;&#x443;&#x434;&#x430;&#x440;</subfield>
    <subfield code="c">2019</subfield>
  </datafield>
  <datafield tag="300" ind1=" " ind2=" ">
    <subfield code="a">478&#x445;.</subfield>
  </datafield>
  <datafield tag="336" ind1=" " ind2=" ">
    <subfield code="2">rdacontent</subfield>
    <subfield code="a">text</subfield>
    <subfield code="b">txt</subfield>
  </datafield>
  <datafield tag="337" ind1=" " ind2=" ">
    <subfield code="2">rdamedia</subfield>
    <subfield code="a">unmediated</subfield>
    <subfield code="b">n</subfield>
  </datafield>
  <datafield tag="338" ind1=" " ind2=" ">
    <subfield code="2">rdacarrier</subfield>
    <subfield code="a">volume</subfield>
    <subfield code="b">nc</subfield>
  </datafield>
  <datafield tag="650" ind1=" " ind2=" ">
    <subfield code="a">&#x424;&#x43B;&#x43E;&#x440;&#x435;&#x43D;&#x442;&#x438;&#x43D;&#x43E; &#x431;&#x4AF;&#x440; &#x4E9;&#x441;&#x432;&#x4E9;&#x440; &#x43D;&#x430;&#x441;&#x43D;&#x44B; &#x445;&#x4AF;&#x4AF; &#x431;&#x430;&#x439;&#x445;&#x430;&#x430;&#x441;&#x430;&#x430; &#x43B; &#x424;&#x435;&#x440;&#x43C;&#x438;&#x43D;&#x430;&#x434; &#x434;&#x443;&#x43D;&#x434;&#x430;&#x440;&#x448;&#x433;&#x4AF;&#x439; &#x441;&#x44D;&#x442;&#x433;&#x44D;&#x43B;&#x44D;&#x44D;&#x440; &#x434;&#x443;&#x440;&#x43B;&#x430;&#x436;, &#x442;&#x4AF;&#x4AF;&#x43D;&#x442;&#x44D;&#x439; &#x443;&#x440;&#x430;&#x43D; &#x44F;&#x440;&#x443;&#x443; &#x4AF;&#x433;&#x442;&#x44D;&#x439; &#x437;&#x430;&#x445;&#x438;&#x434;&#x43B;&#x430;&#x430;&#x440; &#x445;&#x430;&#x440;&#x438;&#x43B;&#x446;&#x441;&#x430;&#x430;&#x440;, &#x433;...</subfield>
  </datafield>
  <datafield tag="942" ind1=" " ind2=" ">
    <subfield code="2">NNA</subfield>
    <subfield code="c">BK</subfield>
  </datafield>
  <datafield tag="952" ind1=" " ind2=" ">
    <subfield code="0">0</subfield>
    <subfield code="1">0</subfield>
    <subfield code="4">0</subfield>
    <subfield code="6">844&#x418;&#x421;&#x41F;_&#x41C;263</subfield>
    <subfield code="7">0</subfield>
    <subfield code="8">SU1323</subfield>
    <subfield code="a">SU1322070</subfield>
    <subfield code="b">SU1322070</subfield>
    <subfield code="c">SU1323</subfield>
    <subfield code="d">2024-07-05</subfield>
    <subfield code="g">24900.00</subfield>
    <subfield code="l">0</subfield>
    <subfield code="o">84(4&#x418;&#x441;&#x43F;)  &#x41C;-263</subfield>
    <subfield code="p">SU13219220-1-1</subfield>
    <subfield code="r">2024-07-05</subfield>
    <subfield code="t">48908</subfield>
    <subfield code="y">BK</subfield>
  </datafield>
  <datafield tag="952" ind1=" " ind2=" ">
    <subfield code="0">0</subfield>
    <subfield code="1">0</subfield>
    <subfield code="4">0</subfield>
    <subfield code="6">844&#x418;&#x421;&#x41F;_&#x41C;263</subfield>
    <subfield code="7">0</subfield>
    <subfield code="8">SU1321</subfield>
    <subfield code="a">SU1322070</subfield>
    <subfield code="b">SU1322070</subfield>
    <subfield code="c">SU1321</subfield>
    <subfield code="d">2024-07-05</subfield>
    <subfield code="g">24900.00</subfield>
    <subfield code="l">0</subfield>
    <subfield code="o">84(4&#x418;&#x441;&#x43F;)  &#x41C;-263</subfield>
    <subfield code="p">SU13219220-2-1</subfield>
    <subfield code="r">2024-07-05</subfield>
    <subfield code="t">48907</subfield>
    <subfield code="y">BK</subfield>
  </datafield>
  <datafield tag="999" ind1=" " ind2=" ">
    <subfield code="c">1076141</subfield>
    <subfield code="d">1076198</subfield>
  </datafield>
</record>
